Welcome to CU Library Online Public Access Catalogue (OPAC)

Faith-sharing : (Record no. 6105)

MARC details
000 -LEADER
fixed length control field 00722nam a2200217 a 4500
001 - CONTROL NUMBER
control field 3056278
005 - DATE AND TIME OF LATEST TRANSACTION
control field 20250531145856.0
008 - FIXED-LENGTH DATA ELEMENTS--GENERAL INFORMATION
fixed length control field 961028s1996 tnua b 000 0 eng
020 ## - INTERNATIONAL STANDARD BOOK NUMBER
International Standard Book Number 0881771589
050 00 - LIBRARY OF CONGRESS CALL NUMBER
Classification number BV4520
Item number .F68 1996
082 00 - DEWEY DECIMAL CLASSIFICATION NUMBER
Classification number 248/.5
Edition information 21
100 1# - MAIN ENTRY--PERSONAL NAME
Personal name Fox, H. Eddie.
245 10 - TITLE STATEMENT
Title Faith-sharing :
Remainder of title dynamic Christian witnessing by invitation /
Statement of responsibility, etc. H. Eddie Fox, George E. Morris.
250 ## - EDITION STATEMENT
Edition statement Rev. & expanded.
260 ## - PUBLICATION, DISTRIBUTION, ETC.
Place of publication, distribution, etc. Nashville, Tenn. :
Name of publisher, distributor, etc. Discipleship Resources,
Date of publication, distribution, etc. c1996.
300 ## - PHYSICAL DESCRIPTION
Extent 131 p. :
Other physical details ill. ;
Dimensions 22 cm.
500 ## - GENERAL NOTE
General note "Prepared under the direction of the World Methodist Council."
650 #0 - SUBJECT ADDED ENTRY--TOPICAL TERM
Topical term or geographic name entry element Witness bearing (Christianity)
700 1# - ADDED ENTRY--PERSONAL NAME
Personal name Morris, George E.,
Dates associated with a name 1935-
942 ## - ADDED ENTRY ELEMENTS (KOHA)
Source of classification or shelving scheme Library of Congress Classification
Koha item type Books
Suppress in OPAC No
999 ## -
-- 6105
-- 6105
Holdings
Withdrawn status Lost status Source of classification or shelving scheme Damaged status Not for loan Collection Home library Current library Shelving location Date acquired Total checkouts Full call number Barcode Date last seen Copy number Price effective from Koha item type
    Library of Congress Classification     Non-fiction Undergraduate Library (Christ Temple) Undergraduate Library (Christ Temple) General stacks 05/31/2025   BV4520 FOX ulct00002801 05/31/2025 1 05/31/2025 Books
© 2023-2024 Copyright: Central University Libraries. All Rights Reserved | Created by: Mahone Tech Office